Literary Characters’ Creators #3 - Statistics

General Stats
  • This quiz has been taken 82 times
  • The average score is 6 of 10
Answer Stats
Character Creator % Correct
Gandalf J R R Tolkien
98%
Elizabeth Bennet Jane Austen
94%
Willy Wonka Roald Dahl
89%
Miss Havisham Charles Dickens
73%
Mr. Rochester Charlotte Brontë
69%
Madame Bovary Gustave Flaubert
60%
Capt. John Yossarian Joseph Heller
39%
Leopoldo Bloom James Joyce
37%
Bathsheba Everdene Thomas Hardy
31%
Nurse Ratched Ken Kesey
29%
No matching quizzes found
Score Distribution
Percent of People with Each Score
Percentile by Number Answered
Your Score History
You have not taken this quiz